<?xml version="1.0" encoding="UTF-8"?>
<record
    xmlns:xsi="http://www.w3.org/2001/XMLSchema-instance"
    xsi:schemaLocation="http://www.loc.gov/MARC21/slim http://www.loc.gov/standards/marcxml/schema/MARC21slim.xsd"
    xmlns="http://www.loc.gov/MARC21/slim">

  <leader>01479nam a22002417a 4500</leader>
  <controlfield tag="005">20230624094531.0</controlfield>
  <controlfield tag="008">230624b           ||||| |||| 00| 0 eng d</controlfield>
  <datafield tag="020" ind1=" " ind2=" ">
    <subfield code="a">8187496444</subfield>
  </datafield>
  <datafield tag="040" ind1=" " ind2=" ">
    <subfield code="c">AL</subfield>
  </datafield>
  <datafield tag="041" ind1=" " ind2=" ">
    <subfield code="a">eng</subfield>
  </datafield>
  <datafield tag="082" ind1=" " ind2=" ">
    <subfield code="2">23</subfield>
    <subfield code="a">307.77</subfield>
    <subfield code="b">PRAE</subfield>
  </datafield>
  <datafield tag="100" ind1=" " ind2=" ">
    <subfield code="a">Archana Prasad</subfield>
    <subfield code="9">124745</subfield>
  </datafield>
  <datafield tag="245" ind1=" " ind2=" ">
    <subfield code="a">Environmentalism and the the left:</subfield>
    <subfield code="b">Contemporary Debates and Future Agendas in Tribal Areas</subfield>
  </datafield>
  <datafield tag="260" ind1=" " ind2=" ">
    <subfield code="a">New Delhi</subfield>
    <subfield code="b">Lefttword</subfield>
    <subfield code="c">2004</subfield>
  </datafield>
  <datafield tag="300" ind1=" " ind2=" ">
    <subfield code="a">viiii,126p.</subfield>
    <subfield code="b">PB</subfield>
    <subfield code="c">21x14cm.</subfield>
  </datafield>
  <datafield tag="365" ind1=" " ind2=" ">
    <subfield code="2">Sociology</subfield>
    <subfield code="b">75.00</subfield>
    <subfield code="c">&#x20B9;</subfield>
    <subfield code="d">75.00</subfield>
  </datafield>
  <datafield tag="520" ind1=" " ind2=" ">
    <subfield code="a">Drawing on her experince in tribal central India, scholar and activist Archana Prasad analyses these issues and attempts to highlight the ways in which the common ideological ground between the Indian environmental movements and the Left can be stregnthened. About Author : Nehru Memorial Museum adn Library New Delhi and author of against Ecological Romanticism: Verrier Elwin and the Making of an Anti modern Tribal Identity. She finished her doctrate from Jawaharlal Nehru University, New Delhi. Contents : Acknowledgements Introduction Tribals and the Land Question Tribal Livelihood and the Agrarian Crisis Tribals, Forests and Globalization Development and the Politics of Displacement Tribals in Indian Democracy Aftwrword Notes</subfield>
  </datafield>
  <datafield tag="650" ind1=" " ind2=" ">
    <subfield code="a">Tribals and the Land</subfield>
    <subfield code="9">124746</subfield>
  </datafield>
  <datafield tag="650" ind1=" " ind2=" ">
    <subfield code="a">Tribals in Indian Democracy</subfield>
    <subfield code="9">124747</subfield>
  </datafield>
  <datafield tag="650" ind1=" " ind2=" ">
    <subfield code="a">Forests and Globalization</subfield>
    <subfield code="9">124748</subfield>
  </datafield>
  <datafield tag="700" ind1=" " ind2=" ">
    <subfield code="a">PRASAD (Archana)</subfield>
    <subfield code="9">124749</subfield>
  </datafield>
  <datafield tag="942" ind1=" " ind2=" ">
    <subfield code="2">ddc</subfield>
    <subfield code="c">DB</subfield>
  </datafield>
  <datafield tag="999" ind1=" " ind2=" ">
    <subfield code="c">227643</subfield>
    <subfield code="d">227643</subfield>
  </datafield>
  <datafield tag="952" ind1=" " ind2=" ">
    <subfield code="0">0</subfield>
    <subfield code="1">0</subfield>
    <subfield code="2">ddc</subfield>
    <subfield code="4">0</subfield>
    <subfield code="7">0</subfield>
    <subfield code="8">SOC</subfield>
    <subfield code="a">AL</subfield>
    <subfield code="b">AL</subfield>
    <subfield code="d">2023-06-17</subfield>
    <subfield code="l">0</subfield>
    <subfield code="o">307.77 PRAE</subfield>
    <subfield code="p">D05894</subfield>
    <subfield code="r">2023-06-24 00:00:00</subfield>
    <subfield code="v">75.00</subfield>
    <subfield code="w">2023-06-24</subfield>
    <subfield code="y">DB</subfield>
  </datafield>
</record>
